| 000 | 00854nam a2200277Ia 4500 | ||
|---|---|---|---|
| 001 | dia_3104 | ||
| 003 | CHAP | ||
| 005 | 20230330114013.0 | ||
| 008 | 220117s1998 xx 000 0 und d | ||
| 010 | _a173603 | ||
| 020 | _a970-18-1821-0 | ||
| 040 | _cCHAP | ||
| 082 | _aC 389.16 I57 1998 | ||
| 245 |
_aSistema general de unidades de medida : Norma Oficial Mexicana NOM 008-SCFI-1993 / _c Instituto Politécnico Nacional |
||
| 260 |
_aMéxico : _b I.P.N., _c1998 |
||
| 300 | _a94 p. | ||
| 503 | _aC/e | ||
| 504 | _aBibliografía: p. 93-94 | ||
| 650 |
_aPesas y medidas _xTablas _9154066 |
||
| 650 |
_aSistema métrico _xTablas _9154067 |
||
| 650 |
_aUnidades de medición _xTablas _9154068 |
||
| 901 | _aC 389.16 I57 1998 | ||
| 902 | _aM | ||
| 905 | _a5232271998 MX X 8222223322SPA16 | ||
| 942 |
_cLIBRO _2ddc |
||
| 999 |
_c173603 _d173603 |
||